00538nam a2200157 a 4500008004100000020001800041050001800059100003500077245016600112250001200278260003600290300001100326350001100337650001400348650001800362150430s2013 ||||||||||||||||| || u a9781849736237 aQD 169.C5 Han aDevillanova, Antonio Francesco11a Handbook of Chalcogen chemistry: new perspectives in sulfur, selenium and tellurium. (2nd ed.)cEdited by Francesco Antonio Devillanova and Wolf-Walther du Mont a2nd ed. aCambridgebRSC Publishingc2013 a2 Vols a166.83 0aCHEMISTRY aCHALCOGENIDES